Dans quel sons Niska a dit... ? - Statistiques

Statistiques générales
  • Ce quiz a été pris 564 fois
  • Le résultat moyen est 6 sur 20
Statistiques - réponses
Phrase Musique % Correct
J'ai le syndrome de Gilles de la Tourette, j'suis capuché devant la tirette. RR 9.1
85%
Elle veut connaître mes secrets, la nuit, j'dors près du canon. Médicament
76%
J'reviens des Pays-Bas, j'augmente le PIB. Salé
70%
Igo faut l'argent, bibi faut l'argent, pour manger faut l'argent, pour b*iser faut l'argent, j'ai volé pour l'argent, mais j'ai rien fait monsieur l'agent. Chasse a l'homme
51%
J'volais le goûter des enfants gâtés. Matuidi Charo
51%
J'sors de garde à vue, la daronne va me chicoter, du mauvais côté, j'suis mal vu, faut pas m'fréquenter. Bâtiment
46%
Laisse-moi le relais, j'vais leur expliquer c'est comment le délire, deux semaines chrono, il connaît le délai, sinon on viendra le chercher pour salir. Maman ne le sait pas
45%
Viens on s'péta, viens on sort, sur l'Coran d'la Mecque, corps à corps. MD
45%
Je t'ai pas fait du sale gros j'ai failli, mais devant les keufs j'ai du tailler. Medellín
34%
Oh, bando na bando, j'contrôle le game, un peu comme Nintendo. B.O.C
33%
J'prends d'la prot', j'fais gonfler mes pecs, j'm'apprête au cas où j'dois casser un tête. Mendoza
10%
J'suis un phénomène comme Gaucho, dans mon 'phone, j'ai l'numéro d'Gorbatchev. Chargé
9%
Joue pas les grossistes on va te casser les reins, tous pour mes Charos, pour tout mes scélérats. Mauvais payeur
9%
Evry, Grigny c'est à Kaboul, Corbeil-Essonnes c'est à Bagdad. Gros Bonnets
7%
J'vais reprendre c'que me doit César, après minuit à l'hôtel j'me fais Cléopâtre. Zifukoro
5%
J'ai pas choisi ma vie, mais je sais où je vais, on ne choisit pas ses amis, mais je t'ai bien trouvé. Bella Ciao
4%
J'arrive comme un coup d’état. Jolie bébé
3%
Je fume de la frappe quand j'suis paro et si j'viens te monter, personne peut m'séparer. Sous contrôle
3%
Paradis est sous les pieds d'ma mère, j'ai du sh*t sous les semelles. Minuit
2%
Vas-y ne paye pas ta dette, et ta meuf sera une veuve. Tchibili-Tabala
1%
Aucun quiz correspondant
Distribution des résultats
% des personnes avec chaque résultat
Percentile par nombre de réponses
Votre historique - résultats
Vous n’avez pas pris ce quiz